LEADER 01531nam 2200493 450 001 9910480293003321 010 $a1-4704-5073-9 035 $a(CKB)4100000008153565 035 $a(MiAaPQ)EBC5770287 035 $a(PPN)235971766 035 $a(EXLCZ)994100000008153565 100 $a20190606d2019 uy 0 101 0 $aeng 135 $aurcnu|||||||| 181 $ctxt$2rdacontent 182 $cc$2rdamedia 183 $acr$2rdacarrier 200 10$aCR embedded submanifolds of CR manifolds /$fSean N. Curry, A. Rod Gover 210 1$aProvidence, RI :$cAmerican Mathematical Society,$d[2019] 210 4$d©2019 215 $a1 online resource (94 pages) 225 1 $aMemoirs of the american mathematical society ;$vNumber 1241 311 $a1-4704-3544-6 320 $aIncludes bibliographical references. 410 0$aMemoirs of the American Mathematical Society ;$vNumber 1241. 606 $aDifferentiable manifolds 606 $aCR submanifolds 606 $aSubmanifolds 606 $aManifolds (Mathematics) 608 $aElectronic books. 615 0$aDifferentiable manifolds. 615 0$aCR submanifolds. 615 0$aSubmanifolds. 615 0$aManifolds (Mathematics) 676 $a515/.39 700 $aCurry$b Sean N.$f1990-$0946420 702 $aGover$b A. Rod$f1961- 801 0$bMiAaPQ 801 1$bMiAaPQ 801 2$bMiAaPQ 906 $aBOOK 912 $a9910480293003321 996 $aCR embedded submanifolds of CR manifolds$92138249 997 $aUNINA LEADER 01434nas 22004693a 450 001 9910894470703321 005 20260218110610.0 011 $a1923-8932 035 $a(DE-599)ZDB2630972-5 035 $a(CKB)3440000000000037 035 $a(CONSER)ce2004300710 035 $a(DE-599)2630972-5 035 $a(EXLCZ)993440000000000037 100 $a20040715a20039999 --- b 101 0 $aeng 181 $ctxt$2rdacontent 182 $cc$2rdamedia 183 $acr$2rdacarrier 200 10$aCiel variable $eCV 210 $aMontréal $cProductions Ciel variable$d©2004- 215 $a1 online resource 300 $aTitle from cover. 311 08$aPrint version: Ciel variable (Montréal, Québec : 2003) 1711-7682 (DLC)ce2004300710 (OCoLC)1083189715 517 3 $aCV 531 0 $aCiel var. 606 $aPhotography$zQuébec (Province)$vPeriodicals 606 $aPhotography$vPeriodicals 606 $aPhotography$2fast$3(OCoLC)fst01061714 607 $aQue?bec$2fast$1https://id.oclc.org/worldcat/entity/E39QbtfRCQp8M3whjghQmqVPXM 608 $aPeriodicals.$2aat 608 $aPeriodicals.$2fast 608 $aPeriodicals.$2lcgft 615 0$aPhotography 615 0$aPhotography 615 7$aPhotography. 676 $a770 686 $acci1icc$2lacc 906 $aJOURNAL 912 $a9910894470703321 920 $aexl_impl conversion 996 $aCiel variable$94234905 997 $aUNINA